000
00211nam a2200085Ia 4500
245
0
_a
Asthma
100
_a
Arshad, S. Hasan Oxford, 2009
_9
85419
942
_c
BK
008
210817s9999 xx 000 0 und d
999
_c
319226
_d
319225